000 00433nam a22001817a 4500
005 20260218132100.0
008 260218b |||||||| |||| 00| 0 eng d
020 _a9788131612514
_c2595.00
040 _aMAIN
041 _aEnglish
082 _a304.60954
_bSIN
100 _aSingh, J.P
_924654
245 _aHandbook of Indian Demography
260 _aJaipur
_bRawat
_c2022
300 _a665
650 _aGeography
942 _cBK
999 _c60378
_d60378